00391nam a2200121Ia 4500008004100000245005000041245001800091260000900109650001100118856004800129999001900177952007300196171211s9999 xx 000 0 und d aJeff Galloway - Your Personal Running Journal cJeff Galloway c2011 xitness uhttp://down.ebook777.com/064/1841263400.pdf c348848d348848 001040aCLbCLd2017-12-11l0r2017-12-11 00:00:00w2017-12-11yCBE